Skocznie narciarskie na świecie - Statystyki

Ogólne statystyki
  • Ten quiz został rozwiązany 221 razy
  • Średni wynik to 12 z 18
Statystyki odpowiedzi
Skocznia: Miasto: % Poprawnych
Skocznia im. Adama Małysza Wisła
96%
Letalnica Planica
95%
Ōkurayama Sapporo
90%
Holmenkollbakken Oslo
89%
Bergisel Innsbruck
88%
Vikersundbakken Vikersund
88%
Salpausselkä Lahti
81%
Mühlenkopfschanze Willingen
71%
Lysgårdsbakken Lillehammer
69%
Čerťák Harrachov
66%
Rukatunturi Kuusamo
66%
Gross-Titlis-Schanze Engelberg
65%
Schattenbergschanze Oberstdorf
64%
Trampolino Dal Ben Predazzo
64%
Puijo Kuopio
58%
Ještěd Liberec
52%
Alpensia Jumping Park Pjongczang
32%
Kanzlersgrund Oberhof
17%
Nie znaleziono quizów pasujących do podanych kryteriów
Rozkład punktacji
Procent ludzi z każdym wynikiem
Percentyl według liczby udzielonych odpowiedzi
Twoja historia wyników
Nie rozwiązałeś tego quizu